[Event "Titled Tuesday intern op 14th Nov Early"]
[Site "Chess.com INT"]
[Date "2023.11.14"]
[Round "5"]
[White "Ben Artzi, Ido"]
[Black "Ardila, Oscar Humberto"]
[Result "1-0"]
[WhiteElo "2322"]
[BlackElo "1979"]
[PlyCount "107"]
[EventDate "2023.11.14"]
[EventType "swiss (blitz)"]
[EventRounds "11"]
[EventCountry "USA"]
[SourceTitle "CB47_2023"]
[SourceDate "2023.11.22"]
[SourceVersion "1"]
[SourceVersionDate "2023.11.22"]
[SourceQuality "1"]

1. e4 e5 2. Nf3 Nf6 3. Nc3 Nc6 4. d4 exd4 5. Nxd4 Bb4 6. Nxc6 bxc6 7. Bd3 d5 8. exd5 cxd5 9. 0-0 0-0 10. h3 c6 11. Qf3 Bd6 12. Bf4 Rb8 13. b3 Qc7 14. Ne2 Re8 15. Bxd6 Qxd6 16. Ng3 Bd7 17. Rfe1 Qb4 18. c3 Qc5 19. b4 Qd6 20. Nf5 Bxf5 21. Bxf5 a5 22. bxa5 Qa3 23. g4 h6 24. h4 Qxa5 25. g5 hxg5 26. hxg5 Ne4 27. g6 Qc7 28. Qh3 Nf6 29. gxf7+ Qxf7 30. Be6 Rxe6 31. Qxe6 Ne4 32. Qxf7+ Kxf7 33. Re3 Rb2 34. Rf3+ Ke6 35. a4 Rb7 36. a5 Ra7 37. Re3 Kd6 38. f3 Nc5 39. f4 Nb3 40. Ra3 Nxa5 41. Re2 c5 42. Rea2 Rf7 43. Rxa5 Rxf4 44. Ra7 Rg4+ 45. Kf2 Rf4+ 46. Ke3 Re4+ 47. Kf3 c4 48. R2a6+ Kc5 49. Rxg7 Re1 50. Ra5+ Kb6 51. Rxd5 Rc1 52. Rg6+ Kc7 53. Rc5+ Kd7 54. Rxc4 1-0

[Event "Titled Tuesday intern op 14th Nov Early"]
[Site "Chess.com INT"]
[Date "2023.11.14"]
[Round "7"]
[White "Llorente Zaro, Alfonso"]
[Black "Ben Artzi, Ido"]
[Result "1-0"]
[WhiteElo "2433"]
[BlackElo "2322"]
[PlyCount "59"]
[EventDate "2023.11.14"]
[EventType "swiss (blitz)"]
[EventRounds "11"]
[EventCountry "USA"]
[SourceTitle "CB47_2023"]
[SourceDate "2023.11.22"]
[SourceVersion "1"]
[SourceVersionDate "2023.11.22"]
[SourceQuality "1"]

1. e4 e5 2. Nf3 Nc6 3. Nc3 Nf6 4. h3 d5 5. exd5 Nxd5 6. Bb5 Nxc3 7. bxc3 Bd6 8. d4 exd4 9. cxd4 0-0 10. 0-0 Qf6 11. Be3 Bf5 12. c4 Nb4 13. Ne1 Qg6 14. Kh1 Nc2 15. Nxc2 Bxc2 16. Qd2 a6 17. Bd7 Rad8 18. Bg4 Be4 19. Qd1 f5 20. Bf3 f4 21. Bd2 Bd3 22. Qb3 Bxf1 23. c5+ Kh8 24. cxd6 Bb5 25. dxc7 Rxd4 26. Rc1 Rc8 27. Bxb7 f3 28. Qxf3 Rd3 29. Be3 Rxc7 30. Qf8# 1-0

[Event "Titled Tuesday intern op 15th Aug Early"]
[Site "Chess.com INT"]
[Date "2023.08.15"]
[Round "6"]
[White "Ben Artzi, Ido"]
[Black "Przybylski, Wojciech"]
[Result "1/2-1/2"]
[WhiteElo "2322"]
[BlackElo "2308"]
[PlyCount "67"]
[EventDate "2023.08.15"]
[EventType "swiss (blitz)"]
[EventRounds "11"]
[EventCountry "USA"]
[SourceTitle "EXT 2024"]
[Source "ChessBase"]
[SourceDate "2023.10.10"]
[SourceVersion "1"]
[SourceVersionDate "2023.10.10"]
[SourceQuality "1"]

1. d4 Nf6 2. c4 e6 3. Nc3 Bb4 4. Qc2 0-0 5. Nf3 d5 6. cxd5 Qxd5 7. e3 c5 8. dxc5 Qxc5 9. Bd2 Nc6 10. Bd3 Rd8 11. 0-0 e5 12. Rfd1 Bg4 13. Rac1 Bxc3 14. Bxc3 Bxf3 15. gxf3 h6 16. a3 a5 17. Bf5 Ne7 18. Bh3 Ng6 19. Qa4 b5 20. Rxd8+ Rxd8 21. Qxa5 Rd6 22. Qb4 Qd5 23. e4 Qd3 24. Bf1 Qxf3 25. Qxd6 Nf4 26. Bxe5 Qg4+ 27. Kh1 Qf3+ 28. Kg1 Qg4+ 29. Kh1 Nxe4 30. Qd4 Qf3+ 31. Kg1 Qg4+ 32. Kh1 Qf3+ 33. Kg1 Qg4+ 34. Kh1 1/2-1/2

[Event "Titled Tuesday intern op 15th Aug Early"]
[Site "Chess.com INT"]
[Date "2023.08.15"]
[Round "1"]
[White "Durarbayli, Vasif"]
[Black "Ben Artzi, Ido"]
[Result "1-0"]
[WhiteElo "2631"]
[BlackElo "2322"]
[PlyCount "93"]
[EventDate "2023.08.15"]
[EventType "swiss (blitz)"]
[EventRounds "11"]
[EventCountry "USA"]
[SourceTitle "EXT 2024"]
[Source "ChessBase"]
[SourceDate "2023.10.10"]
[SourceVersion "1"]
[SourceVersionDate "2023.10.10"]
[SourceQuality "1"]

1. e4 e5 2. Nf3 Nc6 3. Bb5 a6 4. Ba4 Nf6 5. d3 d6 6. c3 Be7 7. Nbd2 0-0 8. Nf1 b5 9. Bc2 Re8 10. Ng3 Bf8 11. 0-0 g6 12. a4 Be6 13. h3 h6 14. d4 Bd7 15. Re1 Bg7 16. Be3 Na5 17. axb5 axb5 18. b3 Kh7 19. Qd2 Be6 20. d5 Bd7 21. c4 c6 22. dxc6 Bxc6 23. cxb5 Bxb5 24. Red1 d5 25. exd5 e4 26. Nd4 Bd3 27. Bxd3 exd3 28. Qxd3 Nxd5 29. Bd2 Bxd4 30. Bxa5 Rxa5 31. Qxd4 Rxa1 32. Qxa1 Qg5 33. Qa5 Nf4 34. Qxg5 hxg5 35. Kf1 Rb8 36. Rb1 Rb4 37. Ne2 Nd3 38. g3 Kg7 39. Kg2 f5 40. Kf3 Kf6 41. Ke3 Nc5 42. Nc1 Ke5 43. Kd2 Ne4+ 44. Ke1 Kd4 45. Na2 Rb8 46. Rb2 Nc5 47. Rd2+ 1-0

[Event "Titled Tuesday intern op 21st Mar Early"]
[Site "Chess.com INT"]
[Date "2023.03.21"]
[Round "5"]
[White "De Silva, LMST"]
[Black "Ben Artzi, Ido"]
[Result "0-1"]
[WhiteElo "2452"]
[BlackElo "2316"]
[PlyCount "52"]
[EventDate "2023.03.21"]
[EventType "swiss (blitz)"]
[EventRounds "11"]
[EventCountry "USA"]
[SourceTitle "EXT 2024"]
[Source "ChessBase"]
[SourceDate "2023.10.10"]
[SourceVersion "1"]
[SourceVersionDate "2023.10.10"]
[SourceQuality "1"]

1. c4 g6 2. Nc3 c5 3. e4 Bg7 4. Nge2 Nc6 5. g3 d6 6. Bg2 Nf6 7. 0-0 0-0 8. d3 a6 9. h3 Rb8 10. a4 Bd7 11. g4 Ne8 12. f4 Nc7 13. f5 b5 14. axb5 axb5 15. Be3 bxc4 16. dxc4 Rxb2 17. Qc1 Qb8 18. Bh6 Qb3 19. Bxg7 Kxg7 20. Qf4 Qxc4 21. f6+ exf6 22. Qxf6+ Kg8 23. Qxd6 Nd4 24. Nf4 Qxc3 25. Qxd7 Qg3 26. Rae1 Nce6 0-1

[Event "Titled Tuesday intern op 21st Mar Early"]
[Site "Chess.com INT"]
[Date "2023.03.21"]
[Round "10"]
[White "Ruge, Edison"]
[Black "Ben Artzi, Ido"]
[Result "0-1"]
[WhiteElo "2201"]
[BlackElo "2316"]
[PlyCount "70"]
[EventDate "2023.03.21"]
[EventType "swiss (blitz)"]
[EventRounds "11"]
[EventCountry "USA"]
[SourceTitle "EXT 2024"]
[Source "ChessBase"]
[SourceDate "2023.10.10"]
[SourceVersion "1"]
[SourceVersionDate "2023.10.10"]
[SourceQuality "1"]

1. e4 e5 2. Nf3 Nc6 3. Bb5 a6 4. Ba4 Nf6 5. Qe2 b5 6. Bb3 Be7 7. a4 Bb7 8. axb5 axb5 9. Rxa8 Qxa8 10. d3 0-0 11. 0-0 d6 12. Nc3 Na5 13. Nxb5 Nxb3 14. cxb3 Qa5 15. Na3 Ba6 16. Qc2 Rb8 17. Nc4 Qb5 18. Nfd2 Nd7 19. Rd1 Nc5 20. Nb1 Qxb3 21. Qxb3 Rxb3 22. Nc3 Nxd3 23. Rxd3 Bxc4 24. Rd1 c6 25. f3 f5 26. Kf2 f4 27. Ke1 Kf7 28. Kd2 Ke6 29. Kc2 g5 30. Bd2 d5 31. Ra1 d4 32. Nd1 Rb5 33. Kc1 Bd3 34. Nf2 Be2 35. Ra6 Rc5+ 0-1

[Event "ISR-chT"]
[Site "Israel"]
[Date "2022.02.19"]
[Round "8.6"]
[White "Krayz, Alexander"]
[Black "Ben Artzi, Ido"]
[Result "0-1"]
[WhiteElo "2350"]
[BlackElo "2352"]
[PlyCount "68"]
[EventDate "2022.01.14"]
[EventType "team-tourn"]
[EventRounds "11"]
[EventCountry "ISR"]
[SourceTitle "EXT 2023"]
[Source "ChessBase"]
[SourceDate "2022.10.05"]
[SourceVersion "1"]
[SourceVersionDate "2022.10.05"]
[SourceQuality "1"]
[WhiteTeam "Herzliya"]
[BlackTeam "Kfar Saba"]
[WhiteTeamCountry "ISR"]
[BlackTeamCountry "ISR"]

1. e4 g6 2. d4 Bg7 3. Nc3 d6 4. Bg5 a6 5. f4 b5 6. Nf3 Bb7 7. Bd3 Nd7 8. Ne2 c5 9. c3 cxd4 10. cxd4 Ngf6 11. Ng3 h6 12. Bh4 e5 13. fxe5 dxe5 14. 0-0 Qb6 15. Bxf6 Nxf6 16. a4 0-0 17. Qb3 exd4 18. Ne5 Kh7 19. Rac1 Rac8 20. Nxf7 Ng4 21. a5 Qxa5 22. Rxc8 Bxc8 23. e5 Qd2 24. Ne4 Qe3+ 25. Kh1 Bf5 26. Rxf5 Nxe5 27. Nfg5+ hxg5 28. Rxf8 Bxf8 29. Nf6+ Kh6 30. Qd1 Qxd3 31. Qe1 Bb4 32. Ng8+ Kh7 33. Nf6+ Kg7 34. Ne8+ Kf7 0-1

[Event "ISR-chT"]
[Site "Israel"]
[Date "2022.02.18"]
[Round "7.4"]
[White "Kundin, Alexander"]
[Black "Ben Artzi, Ido"]
[Result "1/2-1/2"]
[WhiteElo "2329"]
[BlackElo "2352"]
[PlyCount "97"]
[EventDate "2022.01.14"]
[EventType "team-tourn"]
[EventRounds "11"]
[EventCountry "ISR"]
[SourceTitle "EXT 2023"]
[Source "ChessBase"]
[SourceDate "2022.10.05"]
[SourceVersion "1"]
[SourceVersionDate "2022.10.05"]
[SourceQuality "1"]
[WhiteTeam "Rishon Le Zion"]
[BlackTeam "Kfar Saba"]
[WhiteTeamCountry "ISR"]
[BlackTeamCountry "ISR"]

1. e4 e5 2. Nf3 Nc6 3. Bb5 a6 4. Ba4 Nf6 5. Qe2 b5 6. Bb3 Be7 7. a4 Bb7 8. d3 0-0 9. 0-0 d5 10. axb5 axb5 11. Rxa8 Bxa8 12. Nc3 dxe4 13. dxe4 Nd4 14. Nxd4 exd4 15. Rd1 b4 16. Nd5 Nxd5 17. exd5 Bc5 18. Qb5 Qd6 19. Bf4 Qb6 20. Qxb6 Bxb6 21. Re1 Rd8 22. Re7 g5 23. Bxg5 Bxd5 24. Re5 Ra8 25. Kf1 Ra1+ 26. Re1 Bxg2+ 27. Ke2 Rxe1+ 28. Kxe1 Kg7 29. Be7 c5 30. Ke2 Kg6 31. f3 Bh3 32. Bd5 Bd7 33. Kd3 Bb5+ 34. Ke4 f5+ 35. Ke5 Bc7+ 36. Ke6 c4 37. Bxb4 Bxh2 38. Bc5 Bg1 39. f4 Ba4 40. Bxc4 Bxc2 41. b4 h5 42. b5 Be4 43. b6 h4 44. Bd3 Bf3 45. Bxf5+ Kh5 46. Ke5 h3 47. Bxh3 d3 48. Bb4 Bxb6 49. Bf1 1/2-1/2

[Event "Titled Tuesday intern op 25th Jan"]
[Site "Chess.com INT"]
[Date "2022.01.25"]
[Round "9"]
[White "Ben Artzi, Ido"]
[Black "Belov, Vladimir"]
[Result "1/2-1/2"]
[WhiteElo "2352"]
[BlackElo "2598"]
[PlyCount "201"]
[EventDate "2022.01.25"]
[EventType "swiss (blitz)"]
[EventRounds "11"]
[EventCountry "USA"]
[SourceTitle "CBM 206 Extra"]
[Source "ChessBase"]
[SourceDate "2022.03.31"]
[SourceVersion "1"]
[SourceVersionDate "2022.03.31"]
[SourceQuality "1"]

1. d4 Nf6 2. c4 g6 3. Nc3 d5 4. Nf3 Bg7 5. cxd5 Nxd5 6. Na4 Nf6 7. Nc3 Nd5 8. Na4 Nf6 9. Bf4 0-0 10. e3 b6 11. Rc1 Nd5 12. Bg3 Bb7 13. Be2 Nd7 14. 0-0 c5 15. dxc5 Nxc5 16. Nxc5 bxc5 17. Rxc5 a6 18. Qb3 Qb6 19. Qxb6 Nxb6 20. Rc7 Bd5 21. b3 e6 22. Rfc1 a5 23. Bd6 Rfd8 24. Bc5 Rdb8 25. Ng5 a4 26. Bxb6 Rxb6 27. Rc8+ Rxc8 28. Rxc8+ Bf8 29. bxa4 Rb2 30. Bf1 Rxa2 31. Nxh7 Kxh7 32. Rxf8 Kg7 33. Rc8 Ra1 34. f3 Bb7 35. Rc2 Ba6 36. Rf2 Rxa4 37. Bxa6 Rxa6 38. e4 Ra1+ 39. Rf1 Ra2 40. Rf2 Ra1+ 41. Rf1 Ra2 42. h3 g5 43. Kh2 f5 44. Kg3 f4+ 45. Kh2 Kf6 46. Rg1 Rb2 47. Rc1 Ra2 48. Rc5 Rb2 49. h4 gxh4 50. Rh5 e5 51. Rxh4 Ra2 52. Rg4 Rb2 53. Kh3 Ra2 54. Rg8 Rb2 55. Rf8+ Ke6 56. Rf5 Ra2 57. Rh5 Rb2 58. Rh6+ Kf7 59. Rd6 Ke7 60. Rd1 Kf6 61. Rg1 Kg5 62. Rd1 Rb8 63. Kh2 Rb6 64. Kg1 Kf6 65. Rd5 Rb1+ 66. Kh2 Ke6 67. Kh3 Rh1+ 68. Kg4 Rh2 69. Rd2 Rh8 70. Rc2 Rg8+ 71. Kh3 Rh8+ 72. Kg4 Rg8+ 73. Kh5 Rh8+ 74. Kg6 Rg8+ 75. Kh6 Rh8+ 76. Kg7 Rh2 77. Rd2 Rh1 78. Kg6 Rh8 79. Kg7 Rh2 80. Kg6 Rh8 81. Kg7 Rh2 82. Ra2 Rh5 83. Ra6+ Ke7 84. Rg6 Rh1 85. Rg5 Ke6 86. Kf8 Rh8+ 87. Kg7 Ra8 88. Rg6+ Ke7 89. Rg5 Ke6 90. Rg6+ Ke7 91. Kh6 Ra2 92. Rg4 Kf6 93. Rg6+ Kf7 94. Rg5 Kf6 95. Rf5+ Ke6 96. Rg5 Kf6 97. Rg6+ Kf7 98. Kh5 Ra1 99. Rg4 Kf6 100. Rh4 Rg1 101. Rh2 1/2-1/2

[Event "Titled Tuesday intern op 25th Jan"]
[Site "Chess.com INT"]
[Date "2022.01.25"]
[Round "7"]
[White "Ben Artzi, Ido"]
[Black "Kretov, Evgenij"]
[Result "0-1"]
[WhiteElo "2352"]
[BlackElo "2274"]
[PlyCount "96"]
[EventDate "2022.01.25"]
[EventType "swiss (blitz)"]
[EventRounds "11"]
[EventCountry "USA"]
[SourceTitle "CBM 206 Extra"]
[Source "ChessBase"]
[SourceDate "2022.03.31"]
[SourceVersion "1"]
[SourceVersionDate "2022.03.31"]
[SourceQuality "1"]

1. d4 Nf6 2. c4 c5 3. d5 e5 4. Nc3 d6 5. e4 Be7 6. g3 0-0 7. Bg2 Ne8 8. Nge2 Nd7 9. 0-0 g6 10. Bh6 Ng7 11. f4 exf4 12. gxf4 Bf6 13. e5 dxe5 14. Ne4 exf4 15. Nxf6+ Nxf6 16. Nxf4 Ng4 17. Bxg7 Kxg7 18. Qd2 Qd6 19. h3 Ne5 20. Rae1 f6 21. b4 Bd7 22. Qf2 b6 23. Qg3 Nxc4 24. Nh5+ Kh8 25. Qxd6 Nxd6 26. Nxf6 Bf5 27. bxc5 bxc5 28. Ng4 Rfe8 29. Ne5 Kg7 30. Re3 Re7 31. Rfe1 Rae8 32. Kf2 Kf6 33. Nc6 Rxe3 34. Rxe3 Rxe3 35. Kxe3 a6 36. Bf1 Be4 37. Bxa6 Bxd5 38. Nb8 Ke7 39. a4 Kd8 40. Bf1 Kc7 41. Na6+ Kb6 42. a5+ Kc6 43. Nb8+ Kb7 44. Nd7 c4 45. Nf6 Nf5+ 46. Kf4 Bf7 47. Nxh7 c3 48. Bd3 Bb3 0-1

[Event "Titled Tuesday intern op 25th Jan"]
[Site "Chess.com INT"]
[Date "2022.01.25"]
[Round "5"]
[White "Hjartarson, Johann"]
[Black "Ben Artzi, Ido"]
[Result "1-0"]
[WhiteElo "2470"]
[BlackElo "2352"]
[PlyCount "91"]
[EventDate "2022.01.25"]
[EventType "swiss (blitz)"]
[EventRounds "11"]
[EventCountry "USA"]
[SourceTitle "CBM 206 Extra"]
[Source "ChessBase"]
[SourceDate "2022.03.31"]
[SourceVersion "1"]
[SourceVersionDate "2022.03.31"]
[SourceQuality "1"]

1. e4 e5 2. Nf3 Nc6 3. Bc4 Bc5 4. c3 Nf6 5. d3 a6 6. 0-0 0-0 7. Bg5 h6 8. Bh4 g5 9. Bg3 d6 10. Bb3 Bg4 11. h3 Bh5 12. Nbd2 g4 13. hxg4 Bxg4 14. Bh4 Kg7 15. Bd5 Qd7 16. Bxc6 bxc6 17. Nc4 Ba7 18. Ne3 Bxe3 19. fxe3 Nh5 20. Qe1 f5 21. exf5 Rxf5 22. Nh2 Rxf1+ 23. Qxf1 Rf8 24. Qe1 Qf5 25. Qd2 Qg6 26. Rf1 Rxf1+ 27. Nxf1 Bf5 28. d4 Qg4 29. Qf2 Be4 30. Nd2 Kg6 31. Kh2 Bd3 32. Bd8 Qd7 33. Qf8 Ng7 34. Nf3 Ne6 35. Qf6+ Kh7 36. Be7 Ng7 37. dxe5 dxe5 38. Nxe5 Qd5 39. Bf8 Nh5 40. Qe7+ Kg8 41. Bxh6 Bf5 42. Qf8+ Kh7 43. Qxf5+ Kxh6 44. e4 Qd6 45. Kh3 Ng7 46. Ng4# 1-0

[Event "Titled Tuesday intern op 25th Jan"]
[Site "Chess.com INT"]
[Date "2022.01.25"]
[Round "3"]
[White "Tregubov, Pavel V"]
[Black "Ben Artzi, Ido"]
[Result "1-0"]
[WhiteElo "2537"]
[BlackElo "2352"]
[PlyCount "89"]
[EventDate "2022.01.25"]
[EventType "swiss (blitz)"]
[EventRounds "11"]
[EventCountry "USA"]
[SourceTitle "CBM 206 Extra"]
[Source "ChessBase"]
[SourceDate "2022.03.31"]
[SourceVersion "1"]
[SourceVersionDate "2022.03.31"]
[SourceQuality "1"]

1. e4 e5 2. Nf3 Nc6 3. Bb5 a6 4. Ba4 Nf6 5. d4 exd4 6. 0-0 Be7 7. e5 Ne4 8. Nxd4 Nc5 9. Nf5 Rg8 10. Nc3 Nxa4 11. Nxa4 d6 12. Nxe7 Qxe7 13. exd6 Qxd6 14. Qh5 Be6 15. Rd1 Qb4 16. Nc5 Bg4 17. Qxh7 Kf8 18. Be3 Bxd1 19. Nd7+ Ke8 20. Qxg8+ Ke7 21. Bc5+ Qxc5 22. Nxc5 Rxg8 23. Rxd1 Rd8 24. Rxd8 Nxd8 25. f4 Kd6 26. Ne4+ Kd5 27. Ng5 f6 28. Nh3 Ne6 29. Kf2 Nc5 30. Ke3 Na4 31. b3 Nc3 32. a4 b5 33. axb5 axb5 34. Nf2 c5 35. g4 c4 36. h4 cxb3 37. cxb3 Kc5 38. Nd3+ Kd5 39. h5 Ne4 40. Nb4+ Kc5 41. Kxe4 Kxb4 42. g5 Kxb3 43. h6 Kc3 44. hxg7 b4 45. g8Q 1-0

[Event "ISR-chT"]
[Site "Israel"]
[Date "2022.01.22"]
[Round "4.5"]
[White "Ben Artzi, Ido"]
[Black "Drori, Dan"]
[Result "0-1"]
[WhiteElo "2352"]
[BlackElo "2137"]
[PlyCount "114"]
[EventDate "2022.01.14"]
[EventType "team-tourn"]
[EventRounds "11"]
[EventCountry "ISR"]
[SourceTitle "EXT 2023"]
[Source "ChessBase"]
[SourceDate "2022.10.05"]
[SourceVersion "1"]
[SourceVersionDate "2022.10.05"]
[SourceQuality "1"]
[WhiteTeam "Kfar Saba"]
[BlackTeam "Ramat Gan Etude"]
[WhiteTeamCountry "ISR"]
[BlackTeamCountry "ISR"]

1. d4 Nf6 2. Nf3 e6 3. c4 c5 4. Nc3 d5 5. cxd5 exd5 6. Bg5 Nc6 7. Bxf6 Qxf6 8. Nxd5 Qd8 9. e4 cxd4 10. Nxd4 Qa5+ 11. Qd2 Qxd2+ 12. Kxd2 Nxd4 13. Nc7+ Kd8 14. Nxa8 Bb4+ 15. Kd3 Nc6 16. Rd1 Be6 17. f4 f6 18. Kc2+ Kc8 19. f5 Bf7 20. Bb5 Ne5 21. Rd4 Bc5 22. Rd2 a6 23. Ba4 b5 24. Bb3 Bxb3+ 25. Kxb3 Kb7 26. Rhd1 Rxa8 27. Rd8 Ra7 28. Rg8 Kb6 29. Rdd8 Nc6 30. Rde8 a5 31. Re6 Rc7 32. a3 a4+ 33. Ka2 Bg1 34. h4 Kc5 35. g4 Bf2 36. h5 Be3 37. Ree8 h6 38. Kb1 Rd7 39. Re6 Rc7 40. Ree8 Bf4 41. Rc8 Rd7 42. Rge8 Bc7 43. Re6 Nd8 44. Re8 Kb6 45. e5 fxe5 46. f6 gxf6 47. Rh8 Kb7 48. Rxc7+ Kxc7 49. Rxh6 Rf7 50. Rg6 Ne6 51. h6 Kd7 52. Kc2 Ke7 53. Kc3 Rh7 54. Kb4 Nd4 55. g5 fxg5 56. Rxg5 Kf6 57. Rh5 Kg6 0-1

[Event "Titled Tuesday intern op 18th Jan"]
[Site "Chess.com INT"]
[Date "2022.01.18"]
[Round "3"]
[White "Rodchenkov, Vitaly"]
[Black "Ben Artzi, Ido"]
[Result "0-1"]
[WhiteElo "2330"]
[BlackElo "2352"]
[PlyCount "78"]
[EventDate "2022.01.18"]
[EventType "swiss (blitz)"]
[EventRounds "11"]
[EventCountry "USA"]
[SourceTitle "CBM 206 Extra"]
[Source "ChessBase"]
[SourceDate "2022.03.31"]
[SourceVersion "1"]
[SourceVersionDate "2022.03.31"]
[SourceQuality "1"]

1. Nf3 Nf6 2. c4 g6 3. b4 Bg7 4. Bb2 0-0 5. g3 d6 6. Bg2 e5 7. 0-0 Nc6 8. b5 Ne7 9. d3 c6 10. a4 h6 11. Nc3 Be6 12. a5 Qd7 13. a6 bxa6 14. bxc6 Nxc6 15. Rxa6 d5 16. cxd5 Nxd5 17. Nxd5 Bxd5 18. Qa4 Qb7 19. Ba3 Rfb8 20. Rc1 Nb4 21. Bxb4 Qxb4 22. Qxb4 Rxb4 23. Nd2 Bxg2 24. Kxg2 Rb2 25. Rd1 Rc8 26. Kf3 Rcc2 27. Nc4 Ra2 28. Rxa2 Rxa2 29. Rb1 f5 30. e4 fxe4+ 31. dxe4 a5 32. Rb7 a4 33. Ra7 Bf8 34. Nxe5 Rxf2+ 35. Kg4 a3 36. Nxg6 Bc5 37. Ra5 a2 38. Nf4 Bd4 39. Nd3 Rxh2 0-1

[Event "Titled Tuesday intern op 11th Jan"]
[Site "Chess.com INT"]
[Date "2022.01.11"]
[Round "1"]
[White "Sanal, Vahap"]
[Black "Ben Artzi, Ido"]
[Result "1-0"]
[WhiteElo "2601"]
[BlackElo "2352"]
[PlyCount "79"]
[EventDate "2022.01.11"]
[EventType "swiss (blitz)"]
[EventRounds "11"]
[EventCountry "USA"]
[SourceTitle "CBM 206 Extra"]
[Source "ChessBase"]
[SourceDate "2022.03.31"]
[SourceVersion "1"]
[SourceVersionDate "2022.03.31"]
[SourceQuality "1"]

1. e4 e5 2. Nf3 Nc6 3. Bb5 a6 4. Ba4 Nf6 5. 0-0 Be7 6. Re1 b5 7. Bb3 d6 8. c3 0-0 9. h3 Nb8 10. d4 Nbd7 11. Nbd2 Bb7 12. Bc2 Re8 13. Nf1 Bf8 14. Ng3 g6 15. a4 c5 16. d5 c4 17. Bg5 Be7 18. Bh6 Nc5 19. Qd2 Nfd7 20. axb5 axb5 21. Nh2 Bf8 22. Ng4 Bxh6 23. Qxh6 Qe7 24. Qe3 h5 25. Nh2 Rxa1 26. Rxa1 Ra8 27. Qe1 Nb6 28. Nf3 Qd8 29. Rb1 Ra2 30. Qe3 Nba4 31. Qc1 Bc8 32. Qh6 Qf8 33. Qg5 Kh7 34. Qc1 f6 35. Nf1 Qh6 36. Ne3 Qf4 37. Nd2 Bd7 38. Ra1 Rxa1 39. Qxa1 g5 40. g3 1-0

[Event "Titled Tuesday intern op 07th Sept"]
[Site "Chess.com INT"]
[Date "2021.09.07"]
[Round "4"]
[White "Savitskiy, Sergey"]
[Black "Ben Artzi, Ido"]
[Result "0-1"]
[WhiteElo "2431"]
[BlackElo "2352"]
[PlyCount "86"]
[EventDate "2021.09.07"]
[EventType "swiss (blitz)"]
[EventRounds "11"]
[EventCountry "USA"]
[SourceTitle "EXT 2022"]
[Source "ChessBase"]
[SourceDate "2021.10.06"]
[SourceVersion "1"]
[SourceVersionDate "2021.10.06"]
[SourceQuality "1"]

1. e4 e5 2. Nf3 Nc6 3. d4 exd4 4. Bc4 Bc5 5. Ng5 Nh6 6. Bxf7+ Nxf7 7. Nxf7 Kxf7 8. Qh5+ g6 9. Qxc5 d5 10. 0-0 dxe4 11. Nd2 Re8 12. Qb5 Kg7 13. b3 a6 14. Qe2 d3 15. Bb2+ Kg8 16. cxd3 exd3 17. Qf3 Nd4 18. Qd1 Qd5 19. Nc4 Bh3 20. f3 Bxg2 21. Rf2 Bxf3 22. Qd2 Ne2+ 23. Kf1 Bg4 24. Rg2 Bh3 25. Ne3 Rxe3 26. Qxe3 Qxg2+ 27. Ke1 Qg1+ 28. Kd2 Qxe3+ 29. Kxe3 Bf5 30. Rd1 Re8+ 31. Kf2 Nf4 32. Rd2 Re2+ 33. Rxe2 dxe2 34. Bc3 Bg4 35. Ke1 Nd3+ 36. Kd2 e1Q+ 37. Kxd3 Qe2+ 38. Kd4 Bf5 39. Kc5 Qe4 40. Bd4 b6+ 41. Kc4 Be6+ 42. Kc3 c5 43. Bf2 Qf3+ 0-1

[Event "ISR-ch 40th"]
[Site "Jerusalem"]
[Date "2021.03.15"]
[Round "9"]
[White "Ben Artzi, Ido"]
[Black "Aizenberg, Benny"]
[Result "1/2-1/2"]
[WhiteElo "2368"]
[BlackElo "2307"]
[PlyCount "96"]
[EventDate "2021.03.07"]
[EventType "swiss"]
[EventRounds "9"]
[EventCountry "ISR"]
[SourceTitle "CBM 201 Extra"]
[Source "ChessBase"]
[SourceDate "2021.05.31"]
[SourceVersion "1"]
[SourceVersionDate "2021.05.31"]
[SourceQuality "1"]

1. d4 Nf6 2. c4 g6 3. Nc3 d5 4. Nf3 Bg7 5. cxd5 Nxd5 6. Na4 Nf6 7. Bf4 0-0 8. e3 Nbd7 9. Rc1 c5 10. Nxc5 Nxc5 11. Rxc5 Qb6 12. Rb5 Qa6 13. a3 Bd7 14. Rc5 Qb6 15. Qc1 Ne4 16. Bc7 Qe6 17. Ng5 Nxg5 18. Rxg5 Rac8 19. Rc5 Bxd4 20. Bc4 Bxc5 21. Bxe6 Rxc7 22. Bxd7 Bb4+ 23. Ke2 Rxc1 24. Rxc1 Bd6 25. g3 Be5 26. Rc2 Rd8 27. Bc8 b6 28. Ba6 Kg7 29. b4 Bd6 30. Rc6 h5 31. h4 e6 32. f4 e5 33. Kf3 exf4 34. gxf4 f5 35. e4 fxe4+ 36. Kxe4 Re8+ 37. Kd5 Bxf4 38. Bd3 Rd8+ 39. Kc4 Rd6 40. Rc7+ Kf6 41. Rxa7 Bg3 42. a4 Bxh4 43. a5 Bf2 44. Ra8 Kg5 45. Rf8 Rd4+ 46. Kc3 Rf4 47. Rxf4 Kxf4 48. a6 b5 1/2-1/2

[Event "ISR-ch 40th"]
[Site "Jerusalem"]
[Date "2021.03.08"]
[Round "2"]
[White "Gorodetzky, David"]
[Black "Ben Artzi, Ido"]
[Result "1-0"]
[WhiteElo "2495"]
[BlackElo "2368"]
[PlyCount "49"]
[EventDate "2021.03.07"]
[EventType "swiss"]
[EventRounds "9"]
[EventCountry "ISR"]
[SourceTitle "CBM 201 Extra"]
[Source "ChessBase"]
[SourceDate "2021.05.31"]
[SourceVersion "1"]
[SourceVersionDate "2021.05.31"]
[SourceQuality "1"]

1. e4 g6 2. d4 Bg7 3. Nc3 d6 4. Be3 Nf6 5. Qd2 c6 6. Bh6 Bxh6 7. Qxh6 Qa5 8. Bd3 c5 9. d5 Nbd7 10. 0-0-0 c4 11. Bxc4 Qc5 12. Bb5 Qxf2 13. Nf3 Qxg2 14. e5 Ng4 15. Qg7 Rf8 16. Rde1 Qxf3 17. Rhf1 Nf2 18. exd6 Qf4+ 19. Kb1 Qxd6 20. Rxf2 a6 21. Ne4 Qb6 22. Bxd7+ Bxd7 23. Nf6+ Kd8 24. Qxf8+ Kc7 25. Qxe7 1-0

[Event "Titled Tuesday intern op 02nd Feb"]
[Site "Chess.com INT"]
[Date "2021.02.02"]
[Round "10"]
[White "Ben Artzi, Ido"]
[Black "Costachi, Mihnea"]
[Result "0-1"]
[WhiteElo "2368"]
[BlackElo "2471"]
[PlyCount "118"]
[EventDate "2021.02.02"]
[EventType "swiss (blitz)"]
[EventRounds "11"]
[EventCountry "USA"]
[SourceTitle "CBM 200 Extra"]
[Source "ChessBase"]
[SourceDate "2021.03.31"]
[SourceVersion "1"]
[SourceVersionDate "2021.03.31"]
[SourceQuality "1"]

1. d4 Nf6 2. c4 g6 3. Nc3 Bg7 4. e4 0-0 5. f3 d6 6. Be3 c5 7. dxc5 dxc5 8. Qxd8 Rxd8 9. Bxc5 Nc6 10. Nge2 Nd7 11. Bf2 Nde5 12. Nf4 Nb4 13. Rd1 Rxd1+ 14. Kxd1 e6 15. a3 Nbc6 16. Kc2 b6 17. Be2 Ba6 18. b3 g5 19. Nh5 Bh8 20. Rd1 Kf8 21. h4 h6 22. Be3 f6 23. f4 Nf7 24. b4 Bb7 25. Rd7 Ncd8 26. c5 gxf4 27. Nxf4 Ke8 28. Rc7 f5 29. Bb5+ Kf8 30. Ng6+ Kg7 31. Nxh8 Kxh8 32. c6 Bc8 33. Bf4 e5 34. Bd2 Be6 35. Re7 a6 36. Bd3 Nxc6 37. Rc7 Nd4+ 38. Kb2 Kg8 39. exf5 Bxf5 40. Bxf5 Nxf5 41. Ne4 Rd8 42. Bc3 Nxh4 43. Nf6+ Kg7 44. Bxe5 Kg6 45. Bc3 Nxg2 46. Rc6 Rd6 47. Rxd6 Nxd6 48. Nd5 b5 49. Nc7 h5 50. Nxa6 h4 51. Kb3 Kf5 52. Be1 h3 53. Bg3 Ne4 54. Bh2 Ne3 55. Nc7 Nf1 56. Bg1 Ned2+ 57. Kc2 Nf3 58. Kd1 Nxg1 59. Ke1 h2 0-1